000 00422nam a2200205Ia 4500
001 11988
003 GE_BSU
008 181216s||||||||xx |||||||||||||| ||und||
020 _a0593053524
040 _cGE_BSU
080 _a821.111-312.4
100 _aGerritsen,Tess
245 _aVanish
260 _aLondon
260 _bBantam Press
260 _c2005.
300 _a336p;24cm.
653 _aVanish
942 _cBK
999 _c45165
_d45165